[Event "Pinneberg-ch"]
[Site "Pinneberg"]
[Date "2017.10.19"]
[Round "7"]
[White "Dangelowski, Peter"]
[Black "Van Riesen, Klaus"]
[Result "0-1"]
[WhiteElo "1625"]
[BlackElo "1938"]
[PlyCount "81"]
[EventDate "2017.09.07"]
[EventType "swiss"]
[EventRounds "7"]
[EventCountry "GER"]
[SourceTitle "EXT 2019"]
[Source "ChessBase"]
[SourceDate "2018.10.10"]
[SourceVersion "1"]
[SourceVersionDate "2018.10.10"]
[SourceQuality "1"]

1. d4 Nf6 2. Bf4 d6 3. e3 g6 4. h3 Bg7 5. Nf3 0-0 6. Bc4 c5 7. c3 a6 8. a4 b6 9. 0-0 Nc6 10. Nbd2 Bb7 11. Re1 Qd7 12. Qc2 Rac8 13. Be2 Nd5 14. dxc5 Nxf4 15. exf4 bxc5 16. Bf1 Rb8 17. Nc4 Bh6 18. Ng5 Qc7 19. h4 Bg7 20. Rad1 d5 21. Ne3 d4 22. Nd5 Qd6 23. Bc4 e6 24. Ne4 Qd8 25. Nxc5 exd5 26. Nxb7 Rxb7 27. Bxa6 Rb6 28. Bb5 Qxh4 29. g3 Qh3 30. Bf1 Qd7 31. Bg2 Rfb8 32. b4 Ne7 33. b5 dxc3 34. Bf1 Rd6 35. Rb1 Nf5 36. Bh3 d4 37. Qd3 Qa7 38. Ra1 Qc5 39. Rac1 Ne7 40. Bg2 Nd5 41. Bxd5 0-1

[Event "Hamburg-ch Seniors 23rd"]
[Site "Hamburg"]
[Date "2016.11.03"]
[Round "2"]
[White "Raedisch, Peter"]
[Black "Dangelowski, Peter"]
[Result "1/2-1/2"]
[WhiteElo "1636"]
[BlackElo "1783"]
[PlyCount "75"]
[EventDate "2016.11.02"]
[EventType "swiss"]
[EventRounds "9"]
[EventCountry "GER"]
[SourceTitle "EXT 2019"]
[Source "ChessBase"]
[SourceDate "2018.10.10"]
[SourceVersion "1"]
[SourceVersionDate "2018.10.10"]
[SourceQuality "1"]

1. e4 c5 2. Nf3 d6 3. Bc4 e6 4. d4 cxd4 5. Nxd4 Nf6 6. Qe2 a6 7. Bb3 Nc6 8. Nxc6 bxc6 9. c3 Qc7 10. f4 e5 11. h3 h5 12. 0-0 Be7 13. Qf3 Bb7 14. Be3 c5 15. Nd2 0-0 16. Rae1 a5 17. a3 Ba6 18. Rf2 c4 19. Ba2 Rab8 20. Rb1 Qc6 21. f5 d5 22. Bg5 dxe4 23. Qe2 Bc5 24. Be3 Bxe3 25. Qxe3 Rfd8 26. Qe1 Rd3 27. Re2 a4 28. Nxe4 Nxe4 29. Rxe4 f6 30. Qe2 Re8 31. Qe1 Kf8 32. Kh2 Rd2 33. Re2 Red8 34. Qh4 Rxe2 35. Qxh5 e4 36. Qh8+ Kf7 37. Qh5+ Kf8 38. Qh8+ 1/2-1/2

[Event "Hamburg-ch Seniors 23rd"]
[Site "Hamburg"]
[Date "2016.11.02"]
[Round "1"]
[White "Dangelowski, Peter"]
[Black "Grube, Bernd"]
[Result "1/2-1/2"]
[WhiteElo "1783"]
[BlackElo "1526"]
[PlyCount "74"]
[EventDate "2016.11.02"]
[EventType "swiss"]
[EventRounds "9"]
[EventCountry "GER"]
[SourceTitle "EXT 2019"]
[Source "ChessBase"]
[SourceDate "2018.10.10"]
[SourceVersion "1"]
[SourceVersionDate "2018.10.10"]
[SourceQuality "1"]

1. d4 d5 2. Bf4 Bf5 3. e3 e6 4. Bd3 Bg6 5. Nf3 Nf6 6. h3 Nbd7 7. 0-0 c5 8. c3 Qb6 9. Bxg6 hxg6 10. Qb3 Qxb3 11. axb3 a6 12. Nbd2 Rc8 13. Rfe1 Be7 14. Ne5 Nxe5 15. Bxe5 0-0 16. e4 dxe4 17. Nxe4 Nxe4 18. Rxe4 f6 19. Bg3 Kf7 20. Rae1 cxd4 21. cxd4 Bb4 22. R1e2 Rfe8 23. f3 a5 24. h4 Re7 25. Bf4 Rc6 26. Bd2 Bxd2 27. Rxd2 Rd6 28. Re3 Red7 29. Red3 Rd5 30. Kf2 e5 31. Ke3 Ke6 32. g3 b5 33. dxe5 Rxd3+ 34. Rxd3 Rxd3+ 35. Kxd3 Kxe5 36. Ke3 f5 37. f4+ Kd5 1/2-1/2

[Event "Hamburg-ch Seniors 22nd"]
[Site "Hamburg"]
[Date "2015.11.01"]
[Round "6"]
[White "Dangelowski, Peter"]
[Black "Lehr, Thomas"]
[Result "1/2-1/2"]
[WhiteElo "1778"]
[BlackElo "1901"]
[PlyCount "119"]
[EventDate "2015.10.28"]
[EventType "swiss"]
[EventRounds "9"]
[EventCountry "GER"]
[SourceTitle "EXT 2018"]
[Source "ChessBase"]
[SourceDate "2017.10.13"]
[SourceVersion "1"]
[SourceVersionDate "2017.10.13"]
[SourceQuality "1"]

1. d4 Nf6 2. Bf4 c5 3. e3 Qb6 4. Nc3 d6 5. Rb1 cxd4 6. exd4 g6 7. h3 Bg7 8. Nf3 0-0 9. Be3 d5 10. Be2 Nc6 11. 0-0 a6 12. a3 Qc7 13. Re1 Na5 14. Qc1 b5 15. Bf4 Qb6 16. Na2 Re8 17. Nb4 Bb7 18. Be5 Nc4 19. Bxc4 dxc4 20. Nd2 a5 21. Na2 Rac8 22. Qd1 b4 23. axb4 axb4 24. c3 b3 25. Nb4 Bh6 26. Qe2 Bxd2 27. Qxd2 Ne4 28. Qe3 f6 29. Bh2 e6 30. f3 Ng5 31. Qf4 Kg7 32. Kh1 Nf7 33. Qd2 Rcd8 34. Qe2 Qb5 35. Rbd1 Bd5 36. Qf2 Ra8 37. Ra1 Qb7 38. Bg3 Rxa1 39. Rxa1 Ra8 40. Rxa8 Qxa8 41. Qe1 g5 42. Qf1 Nh6 43. Kg1 Nf5 44. Bf2 h5 45. Qd1 h4 46. Qe2 Qa1+ 47. Kh2 Qa8 48. Be1 Qb8+ 49. Kh1 Kf7 50. Bf2 Qa8 51. Kh2 Qa1 52. Be1 Qa8 53. Kg1 Qb8 54. Bf2 Qa7 55. Kh2 Qb8+ 56. Kg1 Ne7 57. Qd2 Nf5 58. Be1 Kg6 59. Bf2 Kf7 60. Be1 1/2-1/2

[Event "Pinneberg op Seniors 15th"]
[Site "Pinneberg"]
[Date "2014.??.??"]
[Round "5"]
[White "Dangelowski, Peter"]
[Black "Cassens, Erhard Otto"]
[Result "1-0"]
[WhiteElo "1703"]
[BlackElo "1637"]
[PlyCount "85"]
[EventDate "2014.07.03"]
[EventType "swiss"]
[EventRounds "7"]
[EventCountry "GER"]
[SourceTitle "EXT 2017"]
[Source "ChessBase"]
[SourceDate "2016.10.25"]
[SourceVersion "1"]
[SourceVersionDate "2016.10.25"]
[SourceQuality "1"]

1. d4 d5 2. Bf4 e6 3. e3 Nf6 4. Bd3 c5 5. c3 Nc6 6. Nf3 Bd6 7. Ne5 Bxe5 8. Bxe5 Nxe5 9. dxe5 Nd7 10. f4 Qb6 11. Qb3 0-0 12. 0-0 f6 13. exf6 Nxf6 14. Qxb6 axb6 15. h3 Bd7 16. Nd2 Bc6 17. Nf3 c4 18. Bc2 Rad8 19. Rac1 Nd7 20. Ne5 Nxe5 21. fxe5 Ra8 22. a3 h6 23. Bg6 Rxf1+ 24. Rxf1 Rd8 25. Rf4 Be8 26. Bxe8 Rxe8 27. g4 Re7 28. Kf2 Kh7 29. Kf3 Rd7 30. Rf8 Kg6 31. h4 b5 32. Kf4 Kh7 33. h5 Re7 34. g5 g6 35. hxg6+ Kxg6 36. Rf6+ Kg7 37. gxh6+ Kh7 38. e4 d4 39. cxd4 c3 40. bxc3 Rc7 41. Rxe6 Rxc3 42. Re7+ Kxh6 43. Rxb7 1-0

[Event "Pinneberg-ch"]
[Site "Pinneberg"]
[Date "2014.??.??"]
[Round "2"]
[White "Dangelowski, Peter"]
[Black "Van Riesen, Klaus"]
[Result "0-1"]
[WhiteElo "1721"]
[BlackElo "1929"]
[PlyCount "64"]
[EventDate "2014.08.21"]
[EventType "swiss"]
[EventRounds "7"]
[EventCountry "GER"]
[SourceTitle "EXT 2017"]
[Source "ChessBase"]
[SourceDate "2016.10.25"]
[SourceVersion "1"]
[SourceVersionDate "2016.10.25"]
[SourceQuality "1"]

1. d4 Nf6 2. Bf4 Nc6 3. e3 e6 4. a3 h6 5. Nd2 d5 6. Bd3 Bd6 7. Bg3 Bxg3 8. hxg3 e5 9. dxe5 Nxe5 10. Be2 Be6 11. Ngf3 Qd6 12. Nd4 Bd7 13. c3 0-0 14. N4f3 Bf5 15. Nxe5 Qxe5 16. Nf3 Qe7 17. Rh4 Rfd8 18. Kf1 Rd6 19. Nd4 Bg6 20. Bd3 Ne4 21. Qe2 c5 22. Nf3 Rad8 23. Rc1 Re6 24. Bxe4 dxe4 25. Ne1 Red6 26. Rc2 Rd1 27. Kg1 Qe6 28. Rh1 Qb3 29. Kh2 f6 30. c4 Rb1 31. Rf1 Rdd1 32. Kg1 Rxe1 0-1

[Event "Hamburg Seniors-ch 20th"]
[Site "Hamburg"]
[Date "2013.10.30"]
[Round "1"]
[White "Wagner, Wolfgang"]
[Black "Dangelowski, Peter"]
[Result "0-1"]
[WhiteElo "1347"]
[BlackElo "1730"]
[PlyCount "130"]
[EventDate "2013.10.30"]
[EventType "swiss"]
[EventRounds "9"]
[EventCountry "GER"]
[SourceTitle "EXT 2015"]
[Source "ChessBase"]
[SourceDate "2014.11.20"]
[SourceVersion "1"]
[SourceVersionDate "2014.11.20"]
[SourceQuality "1"]

1. c4 c5 2. Nc3 Nc6 3. e3 e6 4. Nf3 Nf6 5. d4 cxd4 6. exd4 d5 7. a3 a6 8. Be2 dxc4 9. Bxc4 b5 10. d5 Ne7 11. Bb3 Nexd5 12. Bd2 Bb7 13. 0-0 Bc5 14. Rc1 Rc8 15. Qe2 0-0 16. Ne5 Qb6 17. Nd3 Bd6 18. Ba2 Rfe8 19. b4 Qd4 20. Nxd5 Nxd5 21. Bxd5 Bxd5 22. Be3 Qh4 23. h3 Qf6 24. f4 Bc4 25. Qd2 Qf5 26. Rc3 Qd5 27. Rf2 f6 28. Nc5 Bxc5 29. Bxc5 Red8 30. Qe3 Qd1+ 31. Kh2 Kf7 32. Qe4 Kg8 33. Qe3 g6 34. Be7 Rd3 35. Rxd3 Qxd3 36. Qxd3 Bxd3 37. Bxf6 Kf7 38. Be5 Rd8 39. Rd2 Rd5 40. Rf2 Bc4 41. Bb2 Rd3 42. h4 Ke7 43. Kg1 Kd6 44. Kh2 Kd5 45. g3 Ke4 46. Bc1 Rc3 47. Bb2 Re3 48. Bc1 Re2 49. Rxe2+ Bxe2 50. Kg2 Kd3 51. Kf2 Bg4 52. Ke1 Kc2 53. Be3 Kb2 54. Kd2 Kxa3 55. Kc3 a5 56. Bc1+ Ka4 57. bxa5 b4+ 58. Kb2 Kxa5 59. Bd2 Ka4 60. Be3 Kb5 61. Bd4 Kc4 62. Be5 Bf5 63. Kc1 Kd3 64. Kd1 Ke3 65. Ke1 Kf3 0-1